书目信息 |
| 题名: |
中国古生物志
|
|
| 作者: | 董枝明 著 | |
| 分册: | 总号第162册 四川盆地侏罗纪恐龙化石 | |
| 出版信息: | 北京 科学出版社 1983 |
|
| 页数: | 145页 | |
| 开本: | 26cm | |
| 丛书名: | ||
| 单 册: | ||
| 中图分类: | Q915.2 | |
| 科图分类: | ||
| 主题词: | 侏罗纪-四川盆地-恐龙 , 恐龙-侏罗纪-四川盆地 | |
| 电子资源: | ||
| ISBN: | ||
| 000 | 00817nam0 2200253 45 | |
| 001 | 0183009056 | |
| 005 | 20060404101250.00 | |
| 010 | @dCNY3.65@b精装 | |
| 091 | @a13031.2253 | |
| 100 | @a19960607d1983 em y0chiy0121 ea | |
| 101 | 0 | @achi |
| 102 | @aCN@b110000 | |
| 105 | @aa z 000yy | |
| 200 | 10 | @a中国古生物志@Azhong guo gu sheng wu zhi@h总号第162册@h新丙种第23号@i四川盆地侏罗纪恐龙化石@f董枝明等著@Fdong zhi ming deng zhu |
| 210 | @a北京@c科学出版社@d1983 | |
| 215 | @a145页@c图版@d26cm | |
| 517 | 1 | @a四川盆地侏罗纪恐龙化石@Asi chuan pen di zhu luo ji kong long hua shi |
| 606 | @a侏罗纪-四川盆地-恐龙 | |
| 606 | @a恐龙-侏罗纪-四川盆地 | |
| 607 | @a四川盆地@x侏罗纪@x恐龙 | |
| 690 | @aQ915.2@v4 | |
| 701 | 0 | @a董枝明@Adong zhi ming@4著 |
| 801 | 0 | @aCN@bTSSF@c20060404 |
| 905 | @a10447@dQ915.2@e12 | |
| 中国古生物志.总号第162册.新丙种第23号.四川盆地侏罗纪恐龙化石/董枝明等著.-北京:科学出版社,1983 |
| 145页:图版;26cm |
| ISBN (精装):CNY3.65 |
| ● |
| 相关链接 |
|
|
|
|
正题名:中国古生物志
索取号:Q915.2/12
 
预约/预借
| 序号 | 登录号 | 条形码 | 馆藏地/架位号 | 状态 | 备注 |
| 1 | 0247809 | 202232725 | 密集书库/ [索取号:Q915.2/12] | 在馆 |